[Event "HUN-chT 2223"]
[Site "Hungary"]
[Date "2023.01.15"]
[Round "7.12"]
[White "Pervai, Laszlo"]
[Black "Zentai, Peter1111"]
[Result "0-1"]
[WhiteElo "2029"]
[BlackElo "2237"]
[PlyCount "78"]
[EventDate "2022.11.20"]
[EventType "team-tourn"]
[EventRounds "9"]
[EventCountry "HUN"]
[SourceTitle "CBM 213 Extra"]
[Source "ChessBase"]
[SourceDate "2023.05.31"]
[SourceVersion "1"]
[SourceVersionDate "2023.05.31"]
[SourceQuality "1"]
[WhiteTeam "Hetenyi Geza"]
[BlackTeam "Mako Duocor"]
[WhiteTeamCountry "HUN"]
[BlackTeamCountry "HUN"]

1. e4 e6 2. d4 d5 3. Nc3 Be7 4. Nf3 Nf6 5. exd5 exd5 6. Bg5 0-0 7. Qe2 Re8 8. 0-0-0 h6 9. Bh4 c6 10. Qd2 b5 11. Ne5 a5 12. f3 a4 13. g4 Be6 14. Rg1 Nfd7 15. Bxe7 Qxe7 16. f4 b4 17. Nb1 Nf6 18. f5 Bc8 19. Bd3 Ne4 20. Bxe4 dxe4 21. g5 hxg5 22. Rxg5 e3 23. Qg2 f6 24. Ng6 Qe4 25. Qxe4 Rxe4 26. Rh5 Kf7 27. Rg1 Ra5 28. Rh8 Re8 29. Rh7 Bxf5 30. Nh8+ Ke6 31. Ng6 Bxg6 32. Rxg6 Rf5 33. Rg1 Kd5 34. Rhxg7 e2 35. Re1 Kxd4 36. c3+ Kd3 37. cxb4 Rf1 38. Rg3+ Re3 39. Rg1 Rxg1 0-1

[Event "HUN-chT 2223"]
[Site "Hungary"]
[Date "2022.11.20"]
[Round "1.11"]
[White "Pervai, Laszlo"]
[Black "Hoolt, Sarah"]
[Result "0-1"]
[WhiteElo "2029"]
[BlackElo "2294"]
[PlyCount "60"]
[EventDate "2022.11.20"]
[EventType "team-tourn"]
[EventRounds "9"]
[EventCountry "HUN"]
[SourceTitle "CBM 211 Extra"]
[Source "ChessBase"]
[SourceDate "2023.01.31"]
[SourceVersion "1"]
[SourceVersionDate "2023.01.31"]
[SourceQuality "1"]
[WhiteTeam "Hetenyi Geza"]
[BlackTeam "Paks"]
[WhiteTeamCountry "HUN"]
[BlackTeamCountry "HUN"]

1. e4 e6 2. d4 d5 3. Nc3 Nf6 4. exd5 exd5 5. Bg5 c6 6. Bd3 Bd6 7. Qd2 Bg4 8. f3 Bh5 9. 0-0-0 0-0 10. h4 Bg6 11. h5 Bxd3 12. Qxd3 Nbd7 13. Qf5 Re8 14. Nge2 b5 15. Nf4 h6 16. Bh4 Bxf4+ 17. Qxf4 Qa5 18. g4 b4 19. Nb1 Qxa2 20. Bxf6 Nxf6 21. g5 hxg5 22. Qxg5 Nh7 23. Qg2 Kh8 24. Rhg1 Rg8 25. Qh2 Rae8 26. h6 gxh6 27. Qxh6 Qc4 28. Rh1 Rg7 29. Rdg1 Rxg1+ 30. Rxg1 Qxd4 0-1

[Event "HUN-ch U14"]
[Site "Balatonlelle"]
[Date "2019.06.28"]
[Round "9"]
[White "Borhy, Marcell Boldizsar"]
[Black "Pervai, Laszlo"]
[Result "1-0"]
[WhiteElo "2374"]
[BlackElo "2033"]
[PlyCount "57"]
[EventDate "2019.06.21"]
[EventType "swiss"]
[EventRounds "9"]
[EventCountry "HUN"]
[SourceTitle "CBM 191 Extra"]
[Source "ChessBase"]
[SourceDate "2019.09.30"]
[SourceVersion "1"]
[SourceVersionDate "2019.09.30"]
[SourceQuality "1"]

1. d4 d5 2. Nf3 Nf6 3. c4 e6 4. g3 c6 5. Bg2 Nbd7 6. Qc2 Be7 7. Nbd2 0-0 8. 0-0 b6 9. e4 Bb7 10. e5 Ne8 11. cxd5 exd5 12. Re1 Nc7 13. Nf1 Ne6 14. Ne3 Re8 15. b3 Rc8 16. Bb2 c5 17. Qd2 a5 18. a3 cxd4 19. Nxd4 Ndc5 20. Nef5 Nxd4 21. Nxd4 Ne4 22. Qe3 Bg5 23. f4 Be7 24. Nf5 Rc2 25. Bd4 Bc5 26. Bxc5 Rc3 27. Bxb6 Rxe3 28. Bxd8 Rxb3 29. Bxa5 1-0

[Event "HUN-ch U14"]
[Site "Balatonlelle"]
[Date "2019.06.26"]
[Round "7"]
[White "Pervai, Laszlo"]
[Black "Szalay Ocsak, Bank"]
[Result "1-0"]
[WhiteElo "2033"]
[BlackElo "1826"]
[PlyCount "53"]
[EventDate "2019.06.21"]
[EventType "swiss"]
[EventRounds "9"]
[EventCountry "HUN"]
[SourceTitle "CBM 191 Extra"]
[Source "ChessBase"]
[SourceDate "2019.09.30"]
[SourceVersion "1"]
[SourceVersionDate "2019.09.30"]
[SourceQuality "1"]

1. e4 g6 2. d4 Bg7 3. Be3 c5 4. Nf3 Nc6 5. Nc3 cxd4 6. Nxd4 d6 7. Qd2 Nf6 8. f3 0-0 9. 0-0-0 d5 10. Nxc6 bxc6 11. g4 Qa5 12. exd5 Rb8 13. Bd4 Rd8 14. Bc4 Ba6 15. Bb3 c5 16. Bxf6 Bxf6 17. Ne4 Qb5 18. Nxf6+ exf6 19. c4 Qb4 20. Qc3 Re8 21. Rhe1 Qb6 22. Rxe8+ Rxe8 23. d6 Rd8 24. Qxf6 Bb7 25. h4 Bc6 26. h5 Rd7 27. h6 1-0

[Event "HUN-ch U14"]
[Site "Balatonlelle"]
[Date "2019.06.24"]
[Round "5"]
[White "Pervai, Laszlo"]
[Black "Kun, Balint"]
[Result "1-0"]
[WhiteElo "2033"]
[BlackElo "1813"]
[PlyCount "70"]
[EventDate "2019.06.21"]
[EventType "swiss"]
[EventRounds "9"]
[EventCountry "HUN"]
[SourceTitle "CBM 191 Extra"]
[Source "ChessBase"]
[SourceDate "2019.09.30"]
[SourceVersion "1"]
[SourceVersionDate "2019.09.30"]
[SourceQuality "1"]

1. e4 e6 2. d4 d5 3. Nc3 Nf6 4. exd5 exd5 5. Bg5 Be7 6. Bd3 Nc6 7. Nge2 Nb4 8. f3 Nxd3+ 9. Qxd3 c6 10. 0-0-0 b5 11. Ng3 0-0 12. Nf5 Bxf5 13. Qxf5 a5 14. h4 a4 15. g4 b4 16. Nb1 b3 17. axb3 axb3 18. c3 Re8 19. Rde1 Nd7 20. Bxe7 Rxe7 21. Qg5 f6 22. Qd2 Nb6 23. Rxe7 Qxe7 24. Re1 Qc7 25. Na3 Nc4 26. Qe2 Qd6 27. Nxc4 dxc4 28. Qe6+ Qxe6 29. Rxe6 Rc8 30. Re7 c5 31. Kd2 cxd4 32. cxd4 c3+ 33. bxc3 Rb8 34. Re1 Kf7 35. Rb1 Ke6 1-0

[Event "Budapest Karacsonyi op 10th"]
[Site "Budapest"]
[Date "2018.12.29"]
[Round "5"]
[White "Pervai, Laszlo"]
[Black "Szurkos, Andras"]
[Result "1-0"]
[WhiteElo "1852"]
[BlackElo "1632"]
[PlyCount "85"]
[EventDate "2018.12.27"]
[EventType "swiss"]
[EventRounds "7"]
[EventCountry "HUN"]
[SourceTitle "CBM 188 Extra"]
[Source "ChessBase"]
[SourceDate "2019.02.26"]
[SourceVersion "1"]
[SourceVersionDate "2019.02.26"]
[SourceQuality "1"]

1. e4 e5 2. Nc3 Nf6 3. f4 d5 4. fxe5 Nxe4 5. Nf3 Bb4 6. Bd3 Bf5 7. Qe2 Bxc3 8. dxc3 Nd7 9. 0-0 Qe7 10. Bxe4 Bxe4 11. Ng5 Bg6 12. e6 fxe6 13. Nxe6 Nf6 14. Nxc7+ Kd7 15. Qxe7+ Kxe7 16. Nxa8 Rxa8 17. Bg5 Bxc2 18. Rae1+ Be4 19. Bxf6+ gxf6 20. c4 Kf7 21. Rf2 Rg8 22. Rd2 Rg5 23. cxd5 Bxd5 24. h4 Rf5 25. g4 Rf4 26. Rxd5 Rxg4+ 27. Kf2 Rxh4 28. Rd7+ Kg6 29. Rxb7 a5 30. Rg1+ Kf5 31. Rb5+ Kf4 32. Rxa5 Rh2+ 33. Rg2 Rh1 34. Rg3 Rh2+ 35. Kg1 Rxb2 36. Rb3 Rc2 37. Rb4+ Ke3 38. Ra3+ Kd2 39. Rf4 Rc6 40. Rf2+ Kc1 41. Re3 Kb1 42. Re1+ Rc1 43. Rxc1+ 1-0

[Event "HUN-chT2 Erkel 1819"]
[Site "Hungary"]
[Date "2018.11.18"]
[Round "2.8"]
[White "Szabo, A Martin"]
[Black "Pervai, Laszlo"]
[Result "1/2-1/2"]
[WhiteElo "1815"]
[BlackElo "1772"]
[PlyCount "68"]
[EventDate "2018.10.28"]
[EventType "team-tourn"]
[EventRounds "9"]
[EventCountry "HUN"]
[SourceTitle "EXT 2021"]
[Source "ChessBase"]
[SourceDate "2020.10.23"]
[SourceVersion "1"]
[SourceVersionDate "2020.10.23"]
[SourceQuality "1"]
[WhiteTeam "Sarkany DSE"]
[BlackTeam "Szada GSBE"]
[WhiteTeamCountry "HUN"]
[BlackTeamCountry "HUN"]

1. c4 e6 2. Nc3 Nf6 3. e4 c5 4. g3 Nc6 5. Bg2 g6 6. Nge2 d6 7. 0-0 Bg7 8. d3 0-0 9. f4 Nd4 10. h3 Rb8 11. a4 a6 12. g4 Bd7 13. Ng3 b5 14. axb5 axb5 15. cxb5 Qb6 16. Ra6 Qc7 17. f5 h6 18. g5 hxg5 19. Bxg5 Bxb5 20. Nxb5 Rxb5 21. Bxf6 Bxf6 22. Qg4 exf5 23. exf5 Qd7 24. Ne4 Be5 25. Rxd6 Qc8 26. Nf6+ Kg7 27. Nh5+ Kh8 28. Rd5 Re8 29. fxg6 Qxg4 30. hxg4 fxg6 31. Nf6 Ne2+ 32. Kh1 Ng3+ 33. Kg1 Ne2+ 34. Kh1 Ng3+ 1/2-1/2

[Event "Zalakaros op 37th"]
[Site "Zalakaros"]
[Date "2018.05.28"]
[Round "4"]
[White "Kareva, Natalia"]
[Black "Pervai, Laszlo"]
[Result "1-0"]
[WhiteElo "2206"]
[BlackElo "1745"]
[PlyCount "71"]
[EventDate "2018.05.25"]
[EventType "swiss"]
[EventRounds "9"]
[EventCountry "HUN"]
[SourceTitle "EXT 2019"]
[Source "ChessBase"]
[SourceDate "2018.10.10"]
[SourceVersion "1"]
[SourceVersionDate "2018.10.10"]
[SourceQuality "1"]

1. d4 d5 2. c4 e6 3. Nf3 Nf6 4. Nc3 c6 5. Bg5 Nbd7 6. cxd5 exd5 7. e3 Be7 8. Bd3 0-0 9. Qc2 h6 10. Bxf6 Nxf6 11. h3 b6 12. Ne5 c5 13. 0-0 Bb7 14. Bf5 Re8 15. a4 Bc8 16. Bd3 Bb7 17. f4 Rc8 18. Qe2 Ne4 19. Qh5 Rf8 20. Bxe4 dxe4 21. Rfd1 Qe8 22. d5 Rd8 23. Qf5 g6 24. Qxe4 f5 25. Qf3 Bf6 26. Nc6 Bxc6 27. dxc6 Bxc3 28. Rxd8 Qxd8 29. bxc3 Qf6 30. c7 Qe7 31. Qb7 Qxe3+ 32. Kh1 Qe6 33. Rd1 Qe2 34. Qd5+ Kg7 35. Qd7+ Rf7 36. c8Q 1-0

[Event "HUN-chT2 Erkel 1718"]
[Site "Hungary"]
[Date "2018.03.25"]
[Round "10.10"]
[White "Pervai, Laszlo"]
[Black "Karpati, Gabor"]
[Result "0-1"]
[WhiteElo "1793"]
[BlackElo "1835"]
[PlyCount "80"]
[EventDate "2017.09.24"]
[EventType "team-tourn"]
[EventRounds "11"]
[EventCountry "HUN"]
[SourceTitle "EXT 2021"]
[Source "ChessBase"]
[SourceDate "2020.10.23"]
[SourceVersion "1"]
[SourceVersionDate "2020.10.23"]
[SourceQuality "1"]
[WhiteTeam "Szada GSBE"]
[BlackTeam "Fot"]
[WhiteTeamCountry "HUN"]
[BlackTeamCountry "HUN"]

1. e4 e6 2. d4 d5 3. Nc3 Nf6 4. exd5 exd5 5. Bg5 c6 6. Bd3 Bd6 7. Qd2 0-0 8. 0-0-0 b5 9. h4 Qc7 10. g3 Nbd7 11. Nh3 b4 12. Ne2 Ne4 13. Bxe4 dxe4 14. Qe3 f5 15. Qb3+ Kh8 16. Nhf4 Nf6 17. h5 Qf7 18. Ng6+ Kg8 19. Nxf8 Kxf8 20. Bf4 Be7 21. Be5 Ng4 22. Rhf1 a5 23. Nf4 Ba6 24. Ne6+ Kg8 25. Nc7 Bc4 26. Qa4 Ra7 27. Qxc6 Nxe5 28. dxe5 Bg5+ 29. Kb1 Rxc7 30. Qa8+ Qf8 31. Qxa5 Qb8 32. Rfe1 Ra7 33. Qc5 Bxa2+ 34. Ka1 Be6+ 35. Kb1 Qa8 36. c3 b3 37. Rd8+ Bxd8 38. Kc1 Bg5+ 39. Kd1 Ra1+ 40. Ke2 Qa6+ 0-1

[Event "Budapest Karacsonyi op"]
[Site "Budapest"]
[Date "2017.12.30"]
[Round "7"]
[White "Pervai, Laszlo"]
[Black "Bartuszek, Andras"]
[Result "0-1"]
[WhiteElo "1875"]
[BlackElo "1816"]
[PlyCount "98"]
[EventDate "2017.12.27"]
[EventType "swiss"]
[EventRounds "7"]
[EventCountry "HUN"]
[SourceTitle "CBM 182 Extra"]
[Source "ChessBase"]
[SourceDate "2018.02.23"]
[SourceVersion "1"]
[SourceVersionDate "2018.02.23"]
[SourceQuality "1"]

1. e4 c5 2. Nc3 d6 3. f4 Nf6 4. Nf3 a6 5. Bc4 b5 6. Bd5 Nxd5 7. Nxd5 e6 8. Nc3 b4 9. Ne2 Be7 10. d3 0-0 11. c4 bxc3 12. Nxc3 Bh4+ 13. Nxh4 Qxh4+ 14. g3 Qh3 15. Kf2 Bb7 16. Qf1 Qg4 17. h3 Qg6 18. Rg1 f5 19. Qe2 d5 20. e5 d4 21. Na4 Nd7 22. b3 a5 23. Ba3 Rfc8 24. Rac1 Rc6 25. Rc2 Rac8 26. Rgc1 Qe8 27. Nxc5 Nxc5 28. Bxc5 Qd7 29. Bd6 Rc3 30. Rxc3 Rxc3 31. Rxc3 dxc3 32. Ke1 Qc6 33. Kd1 Qh1+ 34. Kc2 Qxh3 35. Qf2 Qh1 36. Qb6 h6 37. Bc5 Bd5 38. Qxa5 Qa1 39. Qxc3 Qxa2+ 40. Qb2 Bxb3+ 41. Kc1 Qa4 42. d4 Qc4+ 43. Kd2 Ba2 44. Ke3 Qd5 45. Kf2 Bc4 46. Qc3 Ba6 47. Qf3 Qa2+ 48. Kg1 Qb1+ 49. Kf2 Qf1+ 0-1

[Event "Budapest Karacsonyi op"]
[Site "Budapest"]
[Date "2017.12.27"]
[Round "1"]
[White "Pervai, Laszlo"]
[Black "Bolyki, Istvan"]
[Result "0-1"]
[WhiteElo "1875"]
[BlackElo "1620"]
[PlyCount "46"]
[EventDate "2017.12.27"]
[EventType "swiss"]
[EventRounds "7"]
[EventCountry "HUN"]
[SourceTitle "CBM 182 Extra"]
[Source "ChessBase"]
[SourceDate "2018.02.23"]
[SourceVersion "1"]
[SourceVersionDate "2018.02.23"]
[SourceQuality "1"]

1. e4 e5 2. Nc3 Nf6 3. f4 d5 4. fxe5 Nxe4 5. Nf3 Be7 6. Qe2 Nxc3 7. dxc3 c5 8. Be3 Nc6 9. 0-0-0 Be6 10. Qf2 Qa5 11. a3 0-0-0 12. Kb1 h6 13. h3 g5 14. g4 Rd7 15. Rh2 Rhd8 16. Qg1 d4 17. cxd4 cxd4 18. Nxd4 Nxd4 19. Bxd4 Rxd4 20. Bd3 Qd5 21. Kc1 Qa2 22. Kd2 Qxb2 23. Qh1 Rxd3+ 0-1

[Event "HUN-chT2 Erkel 1718"]
[Site "Hungary"]
[Date "2017.12.17"]
[Round "6.9"]
[White "Szivak, Andras"]
[Black "Pervai, Laszlo"]
[Result "1/2-1/2"]
[WhiteElo "1668"]
[BlackElo "1793"]
[PlyCount "100"]
[EventDate "2017.09.24"]
[EventType "team-tourn"]
[EventRounds "11"]
[EventCountry "HUN"]
[SourceTitle "EXT 2021"]
[Source "ChessBase"]
[SourceDate "2020.10.23"]
[SourceVersion "1"]
[SourceVersionDate "2020.10.23"]
[SourceQuality "1"]
[WhiteTeam "Sarkany DSE"]
[BlackTeam "Szada GSBE"]
[WhiteTeamCountry "HUN"]
[BlackTeamCountry "HUN"]

1. d4 d5 2. c4 e6 3. Nc3 Nf6 4. cxd5 exd5 5. Bg5 c6 6. Qc2 Nbd7 7. e3 Be7 8. Bd3 h6 9. Bh4 0-0 10. Nf3 Re8 11. 0-0 Ne4 12. Bxe7 Qxe7 13. Rab1 f5 14. b4 g5 15. b5 g4 16. Nd2 Qd6 17. bxc6 bxc6 18. Nb3 h5 19. Ne2 h4 20. Bxe4 fxe4 21. Nf4 Ba6 22. Rfc1 Bc4 23. Nd2 Nb6 24. Nxc4 Nxc4 25. Qe2 Qd7 26. Rb3 Rab8 27. Rcb1 Rb6 28. h3 gxh3 29. Nxh3 Re7 30. Qh5 Rh7 31. Qg5+ Qg7 32. Qd8+ Qf8 33. Qxf8+ Kxf8 34. Nf4 Ke7 35. Kh2 Kf6 36. Kh3 Kf5 37. Rb4 Rh8 38. R1b3 Rh7 39. a4 Rhb7 40. Rxb6 axb6 41. Ne2 Kg5 42. Rb1 Ra7 43. Rb4 Rb7 44. Nf4 Re7 45. Ne2 Rf7 46. Nf4 Re7 47. Rb1 Re8 48. Rb4 Re7 49. Rb1 Re8 50. Rb4 Re7 1/2-1/2

[Event "Budapest-chT1 Lilienthal 1718"]
[Site "Budapest"]
[Date "2017.11.19"]
[Round "4"]
[White "Pervai, Laszlo"]
[Black "Lehocz, Jozsef"]
[Result "1-0"]
[WhiteElo "1793"]
[BlackElo "2036"]
[PlyCount "49"]
[EventDate "2017.10.01"]
[EventType "team-tourn"]
[EventRounds "13"]
[EventCountry "HUN"]
[SourceTitle "EXT 2021"]
[Source "ChessBase"]
[SourceDate "2020.10.23"]
[SourceVersion "1"]
[SourceVersionDate "2020.10.23"]
[SourceQuality "1"]
[WhiteTeam "Fabulon"]
[BlackTeam "Aquarena III"]
[WhiteTeamCountry "HUN"]
[BlackTeamCountry "HUN"]

1. e4 b6 2. d4 Bb7 3. Nc3 e6 4. a3 d5 5. exd5 exd5 6. Nf3 Nf6 7. Bg5 Be7 8. Qd2 h6 9. Bf4 a6 10. 0-0-0 0-0 11. h4 Ne4 12. Nxe4 dxe4 13. Ne5 Kh7 14. g4 Nd7 15. g5 Nxe5 16. Bxe5 f6 17. gxh6 fxe5 18. hxg7 Rf4 19. Rg1 Qd5 20. Qe2 Rxh4 21. Bg2 Qa2 22. f4 Qa1+ 23. Kd2 Qxb2 24. Bxe4+ Kg8 25. Qc4+ 1-0

[Event "Budapest Karacsonyi op 8th"]
[Site "Budapest"]
[Date "2016.12.30"]
[Round "7"]
[White "Pervai, Laszlo"]
[Black "Eperjesi, Laszlo"]
[Result "0-1"]
[WhiteElo "1671"]
[BlackElo "2065"]
[PlyCount "108"]
[EventDate "2016.12.27"]
[EventType "swiss"]
[EventRounds "7"]
[EventCountry "HUN"]
[SourceTitle "CBM 176 Extra"]
[Source "ChessBase"]
[SourceDate "2017.03.02"]
[SourceVersion "1"]
[SourceVersionDate "2017.03.02"]
[SourceQuality "1"]

1. e4 c6 2. d4 d5 3. Nc3 dxe4 4. Nxe4 Nd7 5. Nf3 Ngf6 6. Bd3 Nxe4 7. Bxe4 Nf6 8. Bd3 Bg4 9. c3 e6 10. 0-0 Bd6 11. Bg5 Qc7 12. h3 Bh5 13. Be2 Nd5 14. Re1 h6 15. Bd2 Nf4 16. Bxf4 Bxf4 17. Nh4 Bxe2 18. Qxe2 0-0 19. Nf3 Rad8 20. a4 a5 21. Ne5 Bxe5 22. Qxe5 Qb6 23. Re2 Rd5 24. Qe3 Rfd8 25. Qc1 Qa6 26. Qe1 b5 27. Re5 Qb6 28. b3 Rxe5 29. Qxe5 b4 30. Rc1 bxc3 31. Rxc3 Rd5 32. Qe4 Rxd4 33. Qxc6 Rd1+ 34. Kh2 Qxf2 35. Qa8+ Kh7 36. Qe4+ g6 37. Rf3 Qg1+ 38. Kg3 Qa7 39. Qf4 Rd7 40. h4 Qc7 41. Qxc7 Rxc7 42. Rd3 Kg7 43. Kf3 h5 44. g3 Kf6 45. Kf4 e5+ 46. Ke4 Ke6 47. Ke3 f5 48. Kd2 Rd7 49. Rxd7 Kxd7 50. Kc3 Kc6 51. b4 axb4+ 52. Kxb4 Kb6 53. a5+ Ka6 54. Ka4 f4 0-1

[Event "Budapest Karacsonyi op 8th"]
[Site "Budapest"]
[Date "2016.12.29"]
[Round "4"]
[White "Balsai, Nikolett"]
[Black "Pervai, Laszlo"]
[Result "0-1"]
[WhiteElo "1972"]
[BlackElo "1671"]
[PlyCount "122"]
[EventDate "2016.12.27"]
[EventType "swiss"]
[EventRounds "7"]
[EventCountry "HUN"]
[SourceTitle "CBM 176 Extra"]
[Source "ChessBase"]
[SourceDate "2017.03.02"]
[SourceVersion "1"]
[SourceVersionDate "2017.03.02"]
[SourceQuality "1"]

1. e4 c5 2. Nc3 e6 3. g3 d5 4. exd5 exd5 5. d4 c4 6. Bg2 Be6 7. Nge2 Nf6 8. Bg5 Bb4 9. 0-0 Bxc3 10. Nxc3 Nc6 11. f4 h6 12. Bh4 g6 13. Bxf6 Qxf6 14. Nxd5 Bxd5 15. Bxd5 Nxd4 16. c3 Nf5 17. Re1+ Kf8 18. Bxc4 Qb6+ 19. Kh1 Ne3 20. Rxe3 Qxe3 21. Qd5 Qe7 22. Qd4 Rg8 23. b3 Rd8 24. Qxa7 Qe4+ 25. Kg1 Kg7 26. Qf2 Rge8 27. Rf1 Rd6 28. f5 Rf6 29. Qd4 Qxd4+ 30. cxd4 Rxf5 31. Rxf5 gxf5 32. Kf2 Kf6 33. a4 Re7 34. a5 Re8 35. Bd5 Ra8 36. b4 Rb8 37. Kf3 Ke7 38. Kf4 Kf6 39. h3 Rd8 40. Bxb7 Rxd4+ 41. Ke3 Rxb4 42. a6 Ra4 43. Kf3 Kg5 44. Bc8 Ra3+ 45. Kf2 f4 46. h4+ Kh5 47. gxf4 Kxh4 48. Kg2 Kh5 49. Kf2 Kg6 50. Ke2 Kf6 51. Kf2 Ke7 52. Bb7 Kd6 53. Kg2 Kc5 54. f5 f6 55. Kf2 Kb6 56. Bf3 Kxa6 57. Bh5 Kb6 58. Bg6 Kc5 59. Kg2 Kd6 60. Kh2 Ke5 61. Kg1 Rf3 0-1

[Event "HUN-chT2 Erkel 1516"]
[Site "Hungary"]
[Date "2016.03.20"]
[Round "9.10"]
[White "Patai, Jozsef"]
[Black "Pervai, Laszlo"]
[Result "1-0"]
[WhiteElo "1879"]
[BlackElo "1483"]
[PlyCount "91"]
[EventDate "2015.09.13"]
[EventType "team-tourn"]
[EventRounds "11"]
[EventCountry "HUN"]
[SourceTitle "EXT 2017"]
[Source "ChessBase"]
[SourceDate "2016.10.25"]
[SourceVersion "1"]
[SourceVersionDate "2016.10.25"]
[SourceQuality "1"]
[WhiteTeam "Salgotarjan"]
[BlackTeam "GSBE"]
[WhiteTeamCountry "HUN"]
[BlackTeamCountry "HUN"]

1. e4 c5 2. Nf3 Nc6 3. d4 cxd4 4. Nxd4 g6 5. Nc3 Bg7 6. Be3 Nf6 7. Be2 0-0 8. Qd2 d5 9. exd5 Nxd5 10. Nxd5 Qxd5 11. Bf3 Qd6 12. Nxc6 Qxd2+ 13. Kxd2 bxc6 14. Bxc6 Rb8 15. Rab1 Bxb2 16. Bxa7 Rd8+ 17. Ke3 Rb4 18. Rhd1 Rxd1 19. Rxd1 Bf5 20. Rd8+ Kg7 21. Bd4+ Bxd4+ 22. Rxd4 Rb2 23. c4 Rxa2 24. Rd2 Ra5 25. Kd4 Be6 26. Bb5 Ra8 27. Rc2 Kf8 28. Kc5 Bf5 29. Rd2 e5 30. Kb6 Ke7 31. Ba6 Rd8 32. Rxd8 Kxd8 33. c5 Bc8 34. Bc4 f5 35. Kc6 g5 36. f3 e4 37. fxe4 fxe4 38. Be2 Ke7 39. Kd5 Kd8 40. g3 e3 41. Kd4 Kc7 42. Kxe3 Kc6 43. Kd4 g4 44. Bd3 h6 45. Be4+ Kc7 46. Ke5 1-0

[Event "HUN-ch U10"]
[Site "Balatonlelle"]
[Date "2015.06.24"]
[Round "9"]
[White "Juhasz, Agoston Botond"]
[Black "Pervai, Laszlo"]
[Result "1-0"]
[WhiteElo "1290"]
[BlackElo "1431"]
[PlyCount "51"]
[EventDate "2015.06.18"]
[EventType "swiss"]
[EventRounds "9"]
[EventCountry "HUN"]
[SourceTitle "CBM 167 Extra"]
[Source "ChessBase"]
[SourceDate "2015.09.14"]
[SourceVersion "1"]
[SourceVersionDate "2015.09.14"]
[SourceQuality "1"]

1. e4 c5 2. Nf3 Nc6 3. c3 Nf6 4. e5 Nd5 5. d4 cxd4 6. Bc4 Nb6 7. Bb3 dxc3 8. Nxc3 g6 9. 0-0 Bg7 10. Re1 0-0 11. Bf4 Na5 12. Qd2 Nac4 13. Qc1 Re8 14. Bh6 Qc7 15. Qf4 Rf8 16. Qh4 f6 17. Bxg7 Kxg7 18. exf6+ exf6 19. Re7+ Rf7 20. Rxf7+ Kxf7 21. Qxh7+ Kf8 22. Re1 Qc5 23. Qh8+ Kf7 24. Qe8+ Kg7 25. Re7+ Kh6 26. Qh8# 1-0

[Event "HUN-ch U10"]
[Site "Balatonlelle"]
[Date "2015.06.21"]
[Round "5"]
[White "Szoboszlai, Csongor"]
[Black "Pervai, Laszlo"]
[Result "1-0"]
[WhiteElo "1200"]
[BlackElo "1431"]
[PlyCount "81"]
[EventDate "2015.06.18"]
[EventType "swiss"]
[EventRounds "9"]
[EventCountry "HUN"]
[SourceTitle "CBM 167 Extra"]
[Source "ChessBase"]
[SourceDate "2015.09.14"]
[SourceVersion "1"]
[SourceVersionDate "2015.09.14"]
[SourceQuality "1"]

1. c4 e5 2. Nc3 Nf6 3. g3 Bc5 4. Bg2 Nc6 5. e3 Qe7 6. Nge2 e4 7. Nf4 Nb4 8. a3 Nd3+ 9. Nxd3 exd3 10. b4 Bd6 11. Qb3 0-0 12. Nd5 Nxd5 13. Bxd5 c6 14. Bg2 Be5 15. Ra2 Qd6 16. Be4 Qe6 17. Bxd3 b5 18. Bb2 f6 19. Bxe5 fxe5 20. Qc3 Qf6 21. cxb5 Qxf2+ 22. Kd1 Qf3+ 23. Kc2 Qxh1 24. Ra1 Qd5 25. Bc4 Qxc4 26. Qxc4+ d5 27. Qxc6 Bf5+ 28. Kb3 Rfd8 29. Rf1 Rac8 30. Rxf5 Rxc6 31. bxc6 Re8 32. b5 g6 33. Rf2 Kg7 34. Kb4 d4 35. e4 Rb8 36. d3 h6 37. Kc5 h5 38. a4 Rc8 39. a5 Rb8 40. b6 axb6+ 41. axb6 1-0